000 00474nam a2200169Ia 4500
003 GCL
008 140319s9999 xx 000 0 ara d
040 _aGCL /
_cGCL
082 0 4 _a251
_bع ح
100 1 _aعبدالحميد ميهوب
245 1 0 _aحقوق الاولاد والاقارب /
_cعبدالحميد ميهوب
300 _a117 ص
490 _a100 قصة
_v0
650 0 4 _aالاسلام
650 0 4 _aالشريعة الاسلامية
942 _2ddc
_cBK
999 _c43574
_d43574